000 00465cam a2200181ua 4500
020 _c40.00
041 _aeng
_h
082 _a005.1062
_bHAS/CO
100 _aHasan, M M .
245 _aComputer programming for engineers Theory and practice /
_cHasan M M.
_hTextual Documents
250 _a1 /
_b.
260 _aDelhi :
_bDhanpath Rai and sons ,
_c1978.
300 _a495 ; .
365 _a40.00
504 _a
942 _cBK
999 _c9591
_d9591